Expressions de la langue française utilisant le mot bouche - Statistiques

Statistiques générales
  • Ce quiz a été pris 382 fois
  • Le résultat moyen est 16 sur 19
Statistiques - réponses
Indice Mot % Correct
ça sent bon, j'en ai l'.... à la bouche eau
99%
la vérité sort de la bouche des .... enfants
99%
il faut tourner 7 fois sa .... dans sa bouche avant de parler langue
99%
je suis sans voix, je reste bouche ... bée
98%
motus et bouche ... cousue
98%
l'information se propage de bouche à .... oreille
98%
le secouriste utilise le bouche à .... bouche
97%
j'allais le dire, tu m'enlèves le ... de la bouche mot
97%
tu m'épates, tu m'en bouches un .... coin
93%
avoir la bouche en cul de ... poule
93%
tu es difficile, tu fais la .... bouche fine
88%
être né avec une ... d'argent dans la bouche cuiller
86%
tu m'empêches de passer, tu me bouches le .... passage
85%
remplaçant : bouche ... trou
82%
conduit, tuyau, bouche d'... égout
81%
station, bouche de .... à Paris métro
80%
enlever le ... de la bouche à quelqu'un pain
45%
tu es bête, tu es bouché à l'... émeri
28%
prise d'eau : bouche d'.... incendie
19%
Aucun quiz correspondant
Distribution des résultats
% des personnes avec chaque résultat
Percentile par nombre de réponses
Votre historique - résultats
Vous n’avez pas pris ce quiz